[Event "Chigorin Memorial 27th"]
[Site "St Petersburg"]
[Date "2019.10.12"]
[Round "8"]
[White "Shojhet, Sofiy"]
[Black "Shalagin, Vladimir"]
[Result "1-0"]
[WhiteElo "1813"]
[BlackElo "2042"]
[PlyCount "71"]
[EventDate "2019.10.05"]
[EventType "swiss"]
[EventRounds "9"]
[EventCountry "RUS"]
[SourceTitle "EXT 2021"]
[Source "ChessBase"]
[SourceDate "2020.10.23"]
[SourceVersion "1"]
[SourceVersionDate "2020.10.23"]
[SourceQuality "1"]

1. Nf3 d5 2. e3 Nf6 3. c4 g6 4. Nc3 Bg7 5. d4 0-0 6. Be2 Na6 7. 0-0 c6 8. cxd5 Nxd5 9. Bxa6 bxa6 10. Ne4 Bf5 11. Nc5 Nb4 12. e4 Bg4 13. a3 Nd5 14. exd5 Qxd5 15. Be3 Rad8 16. h3 Bc8 17. Qa4 Bxh3 18. Nxa6 Qh5 19. Ne5 Qh4 20. Qxc6 Rd6 21. Qf3 Bc8 22. Nc5 Rxd4 23. Bxd4 Qxd4 24. Ned3 e5 25. Qe4 Qd6 26. Rad1 Kh8 27. b4 f5 28. Qh4 Bf6 29. Qh2 Qe7 30. Rfe1 Re8 31. Nxe5 Bxe5 32. Qxe5+ Qxe5 33. Rxe5 Rxe5 34. Rd8+ Kg7 35. Rxc8 a5 36. b5 1-0

[Event "Chigorin Memorial 27th"]
[Site "St Petersburg"]
[Date "2019.10.08"]
[Round "4"]
[White "Shojhet, Sofiy"]
[Black "Romanov, Nikita"]
[Result "0-1"]
[WhiteElo "1813"]
[BlackElo "1587"]
[PlyCount "64"]
[EventDate "2019.10.05"]
[EventType "swiss"]
[EventRounds "9"]
[EventCountry "RUS"]
[SourceTitle "EXT 2020"]
[Source "ChessBase"]
[SourceDate "2019.10.17"]
[SourceVersion "1"]
[SourceVersionDate "2019.10.17"]
[SourceQuality "1"]

1. e3 Nf6 2. Nf3 d6 3. c4 g6 4. Nc3 Bg7 5. Be2 0-0 6. 0-0 e5 7. d3 Nc6 8. b3 e4 9. Nd4 exd3 10. Qxd3 Ne5 11. Qc2 Bd7 12. Bb2 h5 13. Rfd1 Nc6 14. a3 Nxd4 15. exd4 Bf5 16. Qd2 d5 17. Bf3 Be6 18. Qg5 dxc4 19. d5 Bg4 20. Bxg4 Nxg4 21. Qxd8 Rfxd8 22. bxc4 Ne5 23. Nb5 a6 24. Nxc7 Rac8 25. Re1 Nxc4 26. Bxg7 Kxg7 27. Re7 Kf8 28. Rae1 Nd6 29. g4 hxg4 30. Nxa6 bxa6 31. Ra7 Nb5 32. Rxa6 Rxd5 0-1

[Event "Chigorin Memorial 27th"]
[Site "St Petersburg"]
[Date "2019.10.07"]
[Round "3"]
[White "Fedorov, Egor1111"]
[Black "Shojhet, Sofiy"]
[Result "1/2-1/2"]
[WhiteElo "1489"]
[BlackElo "1813"]
[PlyCount "104"]
[EventDate "2019.10.05"]
[EventType "swiss"]
[EventRounds "9"]
[EventCountry "RUS"]
[SourceTitle "EXT 2020"]
[Source "ChessBase"]
[SourceDate "2019.10.17"]
[SourceVersion "1"]
[SourceVersionDate "2019.10.17"]
[SourceQuality "1"]

1. c4 e5 2. g3 d6 3. Bg2 f5 4. e3 Nf6 5. Ne2 g6 6. 0-0 Bg7 7. Nbc3 c6 8. d4 0-0 9. d5 Qe7 10. e4 fxe4 11. dxc6 bxc6 12. Nxe4 Nxe4 13. Bxe4 Bh3 14. Bg2 Bxg2 15. Kxg2 Qf7 16. Qc2 Qf3+ 17. Kg1 Na6 18. Nc3 Nb4 19. Qe4 Qxe4 20. Nxe4 d5 21. cxd5 cxd5 22. Nc5 Rfc8 23. Ne6 Rc2 24. Rd1 e4 25. Nxg7 Kxg7 26. Be3 Nd3 27. Rd2 Rxd2 28. Bxd2 d4 29. b4 Rc8 30. b5 Rc2 31. Be1 Nc1 32. a4 d3 33. a5 d2 34. Bxd2 Ne2+ 35. Kf1 Rxd2 36. b6 axb6 37. a6 Nxg3+ 38. fxg3 Rd8 39. Ke2 Kf6 40. Rb1 Rd3 41. Rxb6+ Kg7 42. g4 Kh6 43. h4 Ra3 44. Re6 e3 45. Kf3 Ra4 46. Re7 g5 47. hxg5+ Kxg5 48. Rg7+ Kh6 49. Ra7 Kg5 50. Rg7+ Kh6 51. Ra7 Kg5 52. Rxh7 Rxa6 1/2-1/2

[Event "Chigorin Memorial 27th"]
[Site "St Petersburg"]
[Date "2019.10.05"]
[Round "1"]
[White "Khakimov, Timur"]
[Black "Shojhet, Sofiy"]
[Result "1-0"]
[WhiteElo "2278"]
[BlackElo "1813"]
[PlyCount "31"]
[EventDate "2019.10.05"]
[EventType "swiss"]
[EventRounds "9"]
[EventCountry "RUS"]
[SourceTitle "EXT 2020"]
[Source "ChessBase"]
[SourceDate "2019.10.17"]
[SourceVersion "1"]
[SourceVersionDate "2019.10.17"]
[SourceQuality "1"]

1. Nf3 f5 2. d3 Nf6 3. Bg5 e6 4. e4 fxe4 5. dxe4 Be7 6. Bd3 0-0 7. Qe2 Nc6 8. Bxf6 Bxf6 9. e5 Be7 10. Qe4 g6 11. h4 Qe8 12. h5 Kg7 13. Qe3 gxh5 14. Ng5 h6 15. Nh7 Rg8 16. Rh3 1-0

[Event "Chigorin Memorial 25th"]
[Site "St Petersburg"]
[Date "2017.10.24"]
[Round "4"]
[White "Shojhet, Sofiy"]
[Black "Kudin, Alexander"]
[Result "1-0"]
[WhiteElo "1905"]
[BlackElo "1520"]
[PlyCount "119"]
[EventDate "2017.10.21"]
[EventType "swiss"]
[EventRounds "9"]
[EventCountry "RUS"]
[SourceTitle "CBM 181 Extra"]
[Source "ChessBase"]
[SourceDate "2017.12.12"]
[SourceVersion "1"]
[SourceVersionDate "2017.12.12"]
[SourceQuality "1"]

1. Nf3 Nf6 2. g3 b6 3. Bg2 Bb7 4. d3 d6 5. Nbd2 Nbd7 6. e4 g6 7. 0-0 Bg7 8. c3 0-0 9. Re1 e5 10. Qc2 Nh5 11. d4 f5 12. exf5 gxf5 13. Nxe5 Bxg2 14. Nxd7 Qxd7 15. Kxg2 f4 16. Nf3 fxg3 17. fxg3 Qc6 18. Qe4 Qxe4 19. Rxe4 Nf6 20. Re1 d5 21. Bf4 c6 22. Nd2 Rfe8 23. Kf3 Nh5 24. g4 Nf6 25. h3 Nd7 26. Nf1 c5 27. Be3 c4 28. Bf4 b5 29. Ne3 Nb6 30. Bc7 Na4 31. Nxd5 Rf8+ 32. Kg3 Nxb2 33. Reb1 Nd3 34. Rxb5 Rf2 35. Rb8+ Rxb8 36. Bxb8 Kf7 37. Bxa7 Bh6 38. Bb8 Ke6 39. Nb4 Rb2 40. Nxd3 Rxb8 41. Nf4+ Kd7 42. h4 Re8 43. g5 Bf8 44. Kf3 Ba3 45. Rb1 Kc6 46. h5 Bd6 47. Rg1 Kd7 48. g6 hxg6 49. hxg6 Rg8 50. g7 Ba3 51. Rg6 Ke7 52. Ke4 Bb2 53. Rg3 Kd6 54. Nh5 Ke6 55. d5+ Kf7 56. Rf3+ Ke7 57. Ke5 Ba3 58. Rf6 Bc5 59. d6+ Kd7 60. Rf7+ 1-0

[Event "Chigorin Memorial 25th"]
[Site "St Petersburg"]
[Date "2017.10.22"]
[Round "2"]
[White "Mkrtchyan, Sargis R"]
[Black "Shojhet, Sofiy"]
[Result "1-0"]
[WhiteElo "2145"]
[BlackElo "1905"]
[PlyCount "62"]
[EventDate "2017.10.21"]
[EventType "swiss"]
[EventRounds "9"]
[EventCountry "RUS"]
[SourceTitle "CBM 181 Extra"]
[Source "ChessBase"]
[SourceDate "2017.12.12"]
[SourceVersion "1"]
[SourceVersionDate "2017.12.12"]
[SourceQuality "1"]

1. d4 e6 2. Nf3 Nf6 3. c4 Bb4+ 4. Bd2 Be7 5. g3 0-0 6. Bg2 d5 7. 0-0 b6 8. Nc3 Bb7 9. cxd5 exd5 10. Bf4 c5 11. Qc2 Na6 12. Rad1 c4 13. Ne5 Qc8 14. Bg5 Rd8 15. e4 Nb4 16. Qb1 h6 17. Bxf6 Bxf6 18. a3 Bxe5 19. dxe5 Nd3 20. Rxd3 cxd3 21. exd5 Qc4 22. Qc1 Rac8 23. d6 Bxg2 24. Kxg2 a5 25. Rd1 b5 26. Qe3 b4 27. axb4 axb4 28. Ne4 Qc2 29. Rd2 Qc6 30. Rxd3 Rd7 31. Qf3 Re8 1-0